00583nam a2200181Ia 4500008004100000020001800041041000800059082001600067100002500083245003400108260003600142300000900178500000800187650001500195700002500210999001700235952014900252230125s9999 xx 000 0 und d a0-7679-0134-7 aeng a004.69bSCH aSchwartz E T9113924 aWebonomics-the world wide web c1997bBroadway booksaNew Delhi a246p aWWW aManagement aSchwartz E T9113924 c91199d91199 02104070aHIMRbHIMRd1999-08-06eWord Book Shopg466.00o004.69 SCH B01742pHIMR-BK-1742r2023-01-25 00:00:00v466.00w1999-09-08yBKzB01742